000 00582nam a22002057a 4500
003 koha_MIRAKIL
005 20250421091142.0
008 250421b tur||||| |||| 00| 0 tur d
020 _a9789752126947
040 _aTR-IsEVY
_btur
_cTR-IsEVY
082 _a741.5 PIL/K
100 _aPilkey, Dav
245 0 _aKöpek Adam :
_bve kedi çocuk /
_cDav Pilkey.
250 _a8. bs.
260 _aİstanbul:
_bAltın Kitaplar Yayınevi,
_c2024.
300 _a253 s. :
_brenkli resimli ;
_c21 cm.
490 0 _aKöpek Adam ;
_v4.
650 _aSanat.
_vÇizgi Roman.
942 _2ddc
_cBK
999 _c21883
_d21883